000 00617cab a2200169 4500
001 L130268
008 050711n2005 000 0 eng u
035 _a(Sirsi) u130268
041 _aeng
245 _aBenchmark: Q1 output 2005 by region
260 _c2005
490 _aContract Journal
_v429(6530) 22 June 2005, 8(1)
520 _aBusiness data looking at output from the first quarter 2005 covering housing, infrastructure, other public output, private sector and repair, maintenance and improvement outputs. Tables.
590 _aIKA190705
690 _aBUILT ENVIRONMENT-CONSTRUCTION MARKET
942 _n0
999 _c75525
_d75525